Administrar para el futuro (Registro nro. 17090)

Detalles MARC
000 -LEADER
fixed length control field 00356 a2200121 4500
001 - CONTROL NUMBER
control field ART_2073
005 - DATE AND TIME OF LATEST TRANSACTION
control field 20260410161722.0
008 - FIXED-LENGTH DATA ELEMENTS--GENERAL INFORMATION
fixed length control field 260409a
100 1# - MAIN ENTRY--PERSONAL NAME
Personal name Buzell, Roberto D.
245 10 - TITLE STATEMENT
Title Administrar para el futuro
700 1# - ADDED ENTRY--PERSONAL NAME
Personal name Chussil, Mark J.
773 0# - HOST ITEM ENTRY
Title Administración de empresas
Related parts - Año XVII, Nº 201 (dic. 1986)
Record control number REV2036

No hay ítems disponibles.